Stolice świata według pierwszych dwóch liter w 90 sekund - Statystyki

Ogólne statystyki
  • Ten quiz został rozwiązany 29 razy
    3 od ostatniego zresetowania
  • Średni wynik to 97 z 196
Statystyki odpowiedzi
Państwo Stolica % Poprawnych
Andora Andora
100%
Turcja Ankara
100%
Madagaskar Antananarywa
100%
Mołdawia Kiszyniów
100%
Gwinea Konakry
100%
Dania Kopenhaga
100%
Hiszpania Madryt
100%
Wyspy Marshalla Majuro
100%
Nikaragua Managua
100%
Bahrajn Manama
100%
Filipiny Manila
100%
Mozambik Maputo
100%
Lesotho Maseru
100%
Oman Maskat
100%
Monako Monako
100%
Liberia Monrovia
100%
Urugwaj Montevideo
100%
Komory Moroni
100%
Rosja Moskwa
100%
Mikronezja Palikir
100%
Panama Panama
100%
Surinam Paramaribo
100%
Francja Paryż
100%
Czarnogóra Podgorica
100%
Haiti Port-au-Prince
100%
Mauritius Port Louis
100%
Papua-Nowa Gwinea Port Moresby
100%
Trynidad i Tobago Port-of-Spain
100%
Benin Porto-Novo lub Cotonou
100%
Vanuatu Port Vila
100%
Islandia Reykjavík
100%
Grenada Saint George's
100%
Antigua i Barbuda Saint John’s
100%
Jemen Sana
100%
Kostaryka San José
100%
San Marino San Marino
100%
Salwador San Salvador
100%
Chile Santiago
100%
Dominikana Santo Domingo
100%
Wyspy Świętego Tomasza i Książeca São Tomé
100%
Bośnia i Hercegowina Sarajewo
100%
Sri Lanka Sri Dźajawardanapura Kotte
100%
Tajwan Tajpej
100%
Estonia Tallinn
100%
Kiribati Tarawa
100%
Uzbekistan Taszkent
100%
Burkina Faso Wagadugu
100%
Polska Warszawa
100%
Stany Zjednoczone Waszyngton
100%
Watykan Watykan
100%
Brazylia Brasília
67%
Słowacja Bratysława
67%
Kongo Brazzaville
67%
Barbados Bridgetown
67%
Belgia Bruksela
67%
Węgry Budapeszt
67%
Argentyna Buenos Aires
67%
Rumunia Bukareszt
67%
Sudan Chartum
67%
Timor Wschodni Dili
67%
Irlandia Dublin
67%
Tadżykistan Duszanbe
67%
Rwanda Kigali
67%
Ukraina Kijów
67%
Jamajka Kingston
67%
Saint Vincent i Grenadyny Kingstown
67%
Demokratyczna Republika Konga Kinszasa
67%
Gabon Libreville
67%
Malawi Lilongwe
67%
Peru Lima
67%
Portugalia Lizbona
67%
Togo Lomé
67%
Wielka Brytania Londyn
67%
Angola Luanda
67%
Słowenia Lublana
67%
Luksemburg Luksemburg
67%
Zambia Lusaka
67%
Chiny Pekin
67%
Czechy Praga
67%
Republika Zielonego Przylądka Praia
67%
Republika Południowej Afryki Pretoria, Cape Town lub Bloemfontein
67%
Kosowo Prisztina
67%
Korea Południowa Seul
67%
Singapur Singapur
67%
Bułgaria Sofia
67%
Albania Tirana
67%
Japonia Tokio
67%
Austria Wiedeń
67%
Laos Wientian
67%
Litwa Wilno
67%
Namibia Windhuk
67%
Chorwacja Zagrzeb
67%
Erytrea Asmara
33%
Kazachstan Astana
33%
Paragwaj Asunción
33%
Turkmenistan Aszchabad
33%
Grecja Ateny
33%
Irak Bagdad
33%
Azerbejdżan Baku
33%
Mali Bamako
33%
Brunei Bandar Seri Begawan
33%
Gambia Bandżul
33%
Republika Środkowoafrykańska Bangi
33%
Tajlandia Bangkok
33%
Saint Kitts i Nevis Basseterre
33%
Liban Bejrut
33%
Serbia Belgrad
33%
Belize Belmopan
33%
Niemcy Berlin
33%
Szwajcaria Berno
33%
Gwinea Bissau Bissau
33%
Kirgistan Biszkek
33%
Kolumbia Bogota
33%
Senegal Dakar
33%
Syria Damaszek
33%
Tanzania Dodoma
33%
Katar Doha
33%
Armenia Erywań
33%
Burundi Gitega
33%
Finlandia Helsinki
33%
Wyspy Salomona Honiara
33%
Afganistan Kabul
33%
Egipt Kair
33%
Uganda Kampala
33%
Nepal Katmandu
33%
Malezja Kuala Lumpur
33%
Kuwejt Kuwejt
33%
Boliwia La Paz lub Sucre
33%
Meksyk Meksyk
33%
Białoruś Mińsk
33%
Palau Ngerulmud
33%
Niger Niamey
33%
Cypr Nikozja
33%
Kanada Ottawa
33%
Ekwador Quito
33%
Maroko Rabat
33%
Arabia Saudyjska Rijad
33%
Dominika Roseau
33%
Włochy Rzym
33%
Szwecja Sztokholm
33%
Gruzja Tbilisi
33%
Honduras Tegucigalpa
33%
Iran Teheran
33%
Bhutan Thimphu
33%
Libia Trypolis
33%
Tunezja Tunis
33%
Liechtenstein Vaduz
33%
Malta Valletta
33%
Seszele Victoria
33%
Nowa Zelandia Wellington
33%
Nigeria Abudża
0%
Zjednoczone Emiraty Arabskie Abu Zabi
0%
Etiopia Addis Abeba
0%
Ghana Akra
0%
Algieria Algier
0%
Jordania Amman
0%
Holandia Amsterdam
0%
Samoa Apia
0%
Australia Canberra
0%
Wenezuela Caracas
0%
Saint Lucia Castries
0%
Gwinea Równikowa Ciudad de La Paz
0%
Bangladesz Dhaka
0%
Indonezja Dżakarta
0%
Dżibuti Dżibuti
0%
Sudan Południowy Dżuba
0%
Sierra Leone Freetown
0%
Tuvalu Funafuti
0%
Botswana Gaborone
0%
Gujana Georgetown
0%
Gwatemala Gwatemala
0%
Wietnam Hanoi
0%
Zimbabwe Harare
0%
Kuba Hawana
0%
Pakistan Islamabad
0%
Wybrzeże Kości Słoniowej Jamusukro
0%
Kamerun Jaunde
0%
Izrael Jerozolima
0%
Malediwy Male
0%
Eswatini Mbabane
0%
Somalia Mogadiszu
0%
Kenia Nairobi
0%
Bahamy Nassau
0%
Mauretania Nawakszut
0%
Mjanma Naypyidaw
0%
Czad Ndżamena
0%
Indie Nowe Delhi
0%
Tonga Nuku'alofa
0%
Norwegia Oslo
0%
Kambodża Phnom Penh
0%
Korea Północna Pjongjang
0%
Łotwa Ryga
0%
Macedonia Północna Skopje
0%
Fidżi Suva
0%
Mongolia Ułan Bator
0%
Nauru Yaren
0%
Nie znaleziono quizów pasujących do podanych kryteriów
Rozkład punktacji
Procent ludzi z każdym wynikiem
Percentyl według liczby udzielonych odpowiedzi
Twoja historia wyników
Nie rozwiązałeś tego quizu od ostatniego zresetowania